Premier League teams 1992/1993 - Statistics

General Stats
  • This quiz has been taken 14 times
  • The average score is 20 of 22
Answer Stats
Position Points Team % Correct
10 56 Arsenal
100%
2 74 Aston Villa
100%
4 71 Blackburn Rovers
100%
11 56 Chelsea
100%
17 51 Leeds United
100%
6 59 Liverpool
100%
1 84 Manchester United
100%
22 40 Nottingham Forest
100%
18 50 Southampton
100%
16 52 Ipswich Town
92%
9 57 Manchester City
92%
3 72 Norwich City
92%
8 59 Tottenham Hotspur
92%
13 53 Everton
83%
21 44 Middlesbrough
83%
5 63 Queens Park Rangers
83%
14 52 Sheffield United
83%
7 59 Sheffield Wednesday
83%
15 52 Coventry City
75%
20 49 Crystal Palace
75%
19 49 Oldham Athletic
75%
12 54 Wimbledon
67%
No matching quizzes found
Score Distribution
Percent of People with Each Score
Percentile by Number Answered
Your Score History
You have not taken this quiz